Pakistan : (Record no. 592055)

000 -LEADER
fixed length control field 00738nam a22001697a 4500
003 - CONTROL NUMBER IDENTIFIER
control field NUST
020 ## - INTERNATIONAL STANDARD BOOK NUMBER
International Standard Book Number 9780374532253
082 ## - DEWEY DECIMAL CLASSIFICATION NUMBER
Classification number 954.9105,WEA
100 ## - MAIN ENTRY--PERSONAL NAME
Personal name Weaver, Mary Anne
9 (RLIN) 101521
245 ## - TITLE STATEMENT
Title Pakistan :
Remainder of title deep inside the wolrd's most frightening state /
Statement of responsibility, etc. Mary Anne Weaver,
260 ## - PUBLICATION, DISTRIBUTION, ETC.
Place of publication, distribution, etc. USA
Name of publisher, distributor, etc. New York
Date of publication, distribution, etc. 2010
300 ## - PHYSICAL DESCRIPTION
Extent xxi, 292 p
505 ## - FORMATTED CONTENTS NOTE
Formatted contents note General on a tightope (Page-11), This was Pakistan (Page-45), In the Tribal Lands Balochistan (Page-86), Hunting with the Sheikhs (Page-130), Daughter of Pakistan (Page-165), DEJA VU (Page-214), Kashmir (Page-249), After word (Page-275).
650 ## - SUBJECT ADDED ENTRY--TOPICAL TERM
Topical term or geographic name entry element Pakistan- Politics and government 1971-1988
9 (RLIN) 46352
651 ## - SUBJECT ADDED ENTRY--GEOGRAPHIC NAME
Geographic name Pakistan Description and travel
9 (RLIN) 112262
942 ## - ADDED ENTRY ELEMENTS (KOHA)
Source of classification or shelving scheme
Koha item type Book
Holdings
Withdrawn status Lost status Source of classification or shelving scheme Damaged status Not for loan Permanent Location Current Location Shelving location Date acquired Shelving control number Total Checkouts Full call number Barcode Date last seen Date last checked out Price effective from Koha item type Public note
          Military College of Signals (MCS) Military College of Signals (MCS) General Stacks 10/27/2022 Pakistan History 4 954.9105,WEA MCS37674 12/19/2025 12/15/2025 10/27/2022 Book Almirah No.62, Shelf No.3
© 2023 Central Library, National University of Sciences and Technology. All Rights Reserved.